000 00941 a2200169 4500
999 _c1061
_d1061
020 _a9780321732149
050 _aGB54.5 CHR 2012
100 _aChristopherson, Robert W.
_eauthor
245 _aApplied physical geography :
_bgeosystems in the laboratory /
_cRobert W. Christopherson, Charles E. Thomsen.
264 _aBoston :
_bPresntice Hall,
_cc2012
300 _aix, 309p. [5] leaves of graph paper, [12] leaves of plates (color) :
_billustrations, maps (some color)
500 _a"A specific source for figures and materials used in this manual is Geosystems : an introduction to physical geography, 7th ed. by Robert W. Christopherson"--Preface.
650 _aPhysical geography
_xLaboratory manuals.
700 _aThomsen, Charles E.
_eauthor
856 _uOnline version: Christopherson, Robert W. Applied physical geography. 7th ed. Upper Saddle River, N.J. : Pearson/Prentice Hall, 2009
942 _2lcc
_cBK
_e8th ed.
_h54.5
_iCHR
_kGB